[Event "IECC Swiss-479.1"]
[Site "IECC email"]
[Date "2004.01.20"]
[Round "?"]
[White "Mcginnes, Ben"]
[Black "El Messiry, Raouf"]
[Result "1-0"]
[WhiteElo "1148"]
[BlackElo "1694"]
[PlyCount "67"]
[EventDate "2004.??.??"]
[EventType "swiss (corr)"]
[EventRounds "1"]
[SourceTitle "Corr 2020"]
[Source "ChessBase"]
[SourceDate "2019.09.30"]
[SourceVersion "1"]
[SourceVersionDate "2019.09.30"]
[SourceQuality "1"]
[WhiteTeam "Australia"]
[BlackTeam "Egypt"]
[WhiteTeamCountry "AUS"]
[BlackTeamCountry "EGY"]

1. b3 e5 2. Bb2 Nc6 3. e3 Nf6 4. c4 Be7 5. d3 d5 6. cxd5 Nxd5 7. Nf3 f6 8. Be2 Bb4+ 9. Nfd2 0-0 10. a3 Bxd2+ 11. Nxd2 Be6 12. 0-0 Qe7 13. b4 Rfd8 14. Nb3 a5 15. b5 a4 16. bxc6 axb3 17. cxb7 Rab8 18. Bg4 Rxb7 19. Bxe6+ Qxe6 20. Rc1 Nb6 21. Qf3 Ra7 22. Rfd1 Na4 23. Qe2 Qa6 24. Ba1 e4 25. Rb1 exd3 26. Qg4 Rb8 27. Qd4 b2 28. Bxb2 Rab7 29. Qd5+ Kf8 30. Rxd3 h6 31. Rc1 Rxb2 32. Rxc7 Rb1+ 33. Rd1 Qa5 34. Qf7# 1-0

[Event "IECC Swiss-476.1"]
[Site "IECC email"]
[Date "2003.11.29"]
[Round "?"]
[White "Mcginnes, Ben"]
[Black "Leenders, Chris"]
[Result "0-1"]
[WhiteElo "1149"]
[BlackElo "1771"]
[PlyCount "124"]
[EventDate "2003.??.??"]
[EventType "swiss (corr)"]
[EventRounds "1"]
[SourceTitle "Corr 2020"]
[Source "ChessBase"]
[SourceDate "2019.09.30"]
[SourceVersion "1"]
[SourceVersionDate "2019.09.30"]
[SourceQuality "1"]
[WhiteTeam "Australia"]
[BlackTeam "NLD"]
[WhiteTeamCountry "AUS"]

1. c4 Nf6 2. Nf3 e6 3. d4 Bb4+ 4. Bd2 Be7 5. Nc3 d5 6. Bg5 h6 7. Bxf6 Bxf6 8. e3 0-0 9. Qd2 c6 10. h4 g6 11. 0-0-0 Nd7 12. e4 Bg7 13. cxd5 cxd5 14. exd5 Nb6 15. dxe6 Bxe6 16. Ne5 Rc8 17. h5 g5 18. Kb1 Nd5 19. Ne4 Nf4 20. f3 Bf5 21. g4 Bxe4+ 22. fxe4 Bxe5 23. dxe5 Qc7 24. Rc1 Qxe5 25. Bg2 Rcd8 26. Qc2 Nxg2 27. Qxg2 Rd4 28. Rhe1 Re8 29. Re3 Rxe4 30. Rec3 Qf4 31. Rc7 R8e7 32. Rxe7 Rxe7 33. Qg1 b6 34. Qd1 Re4 35. Qd7 Qxg4 36. Qxa7 Re6 37. Qa8+ Kg7 38. Qh1 Qf5+ 39. Ka1 g4 40. Rd1 g3 41. Rf1 Qe4 42. Qg1 g2 43. Rd1 f5 44. Qf2 f4 45. Rd7+ Kf6 46. Qh4+ Kf5 47. Qh3+ Kg5 48. Rd1 Rd6 49. Rg1 Rd2 50. Qc3 Rf2 51. Qg7+ Kh4 52. Qf6+ Kh3 53. Qc3+ Qf3 54. Qc8+ Kh2 55. Rc1 g1Q 56. Rxg1 Rf1+ 57. Qc1 Kxg1 58. a4 Rxc1+ 59. Ka2 Qd5+ 60. Ka3 Qc4 61. b4 Qc3+ 62. Ka2 Ra1# 0-1